| 000 | 00510nam a2200157Ia 4500 | ||
|---|---|---|---|
| 008 | 140925s9999 xx 000 0 und d | ||
| 020 | _a2008-7209 | ||
| 245 |
_aAsian journal sports medicine / _h[electronic resource] |
||
| 260 |
_bTehran University of Medical Sciences, _cc2013. |
||
| 516 | _aElectronic text | ||
| 650 | _aMedicine. | ||
| 650 | _aSports and Recreation. | ||
| 830 | _aTehran University of Medical Sciences | ||
| 856 | _uhttp://asjsm.tums.ac.ir/index.php/asjsm/issue/view/29 | ||
| 942 | _cEJ | ||
| 999 |
_c275849 _d275849 |
||